00897nam a2200241 4500001000700000003000900007005001700016007000300033008004100036100002700077245008500104250001600189260004200205300003100247490005400278504002000332700002800352710003900380830006200419852003300481999001900514952012200533107552ES-MaACL20230906184438.0t|061121s1979 ag r ||||1| spa d1 aMoreau, Joseph.98321210aAristóteles y su escuela / cJoseph Moreau; [ traducción por Marino Ayera ]. a[2.ª ed.]. aBuenos Aires : bUniversidad, c1979. aXII, 310 p. : bil ; c23.1 aBiblioteca del universitario. Temas : filosofía aBibliografía.1 aAyerra, Mariano.9241482 aUniversidad de Buenos Aires.971550 aBiblioteca del universitario. Temas : filosofía9232902 aES-MaACLjL-11897 bR.113143 c107552d107552 00104070aATENEOMbATENEOMcDEPO2d2008-01-17eSCl0oL-11897p1112245r2023-02-23 00:00:00w2023-02-23yMONOGRAFIA